000 00654nam a2200217 u 4500
005 20240911064551.0
008 131031s2012 ag r 000 0 spa d
020 _a9788415295013
035 _aUPN01000193820
049 _aCG
050 4 _aHT684
_bT3.3
100 1 _aTamarit, José
_935552
245 1 0 _aClase media :
_bcultura, mito y educación : ¿quién educa al educador? /
_cJosé Tamarit.
260 _aBuenos Aires :
_bMiño y Dávila,
_c2012.
300 _a383 p.
440 0 _aEducación, crítica & debate
650 4 _aClase media
_98980
650 4 _aCLASE MEDIA -
_xCONDICIONES SOCIALES
_910834
905 _aLibro
999 _c165921
_d165921